{"text_format":"2","workbook":"xlsx","n_sheets":1,"sheets":["ANEXO II"],"not_rendered":{"charts":0,"images":0,"macros":0,"external_links":0,"defined_names":6,"comments":0,"pivot_tables":0},"unopened":[],"bounds":{"document_bytes":16777216,"sheet_cells":100000,"run_cost":"one","rows_first":2000,"rows_last":500,"rows_between":2000,"halvings":0,"cell_chars":16384,"cell_head_chars":4096},"cells_cut":0,"cells_raw":0,"read":"whole","date_system":"1900"}

{"sheet":"ANEXO II","index":0,"n_rows":24,"n_cols":8,"rows_kept":24,"cut":false,"hidden":false,"merged":[[0,0,0,7],[23,0,23,6]]}
[1]
[]
["Item","CATMAT","Descrição do produto - Especificação Técnica","Unidade","Cota","Quant. \nMáxima Anual","Valor Unitário Máximo (R$)","Valor Total (R$)"]
[1,7234,"Triturador forrageiro completo, para desintegrar, moer e picar capim, milho, cana, mandioca, etc.; motor elétrico com potência mínima de 3 cv, mínimo 2 lâminas, alimentação elétrica monofásica 110/220 v e 60 Hz, com cavalete e base para o motor. Mínimo de 5 peneiras, incluindo peneira lisa. Com logomarca da CODEVASF silkada em local vísivel, conforme modelo no edital. Manual em Português. Assistência Técnica Autorizada no Estado de Sergipe. COTA DE 25% - Exclusivo para ME e EPP.","und.","Exclusivo para ME e EPP",250,1300,{"$f":"F4*G4","v":325000}]
[{"$f":"A4+1","v":2},7234,"Triturador forrageiro completo, para desintegrar, moer e picar capim, milho, cana, mandioca, etc.; motor elétrico com potência mínima de 3 cv, mínimo 2 lâminas, alimentação elétrica monofásica 110/220 v e 60 Hz, com cavalete e base para o motor. Mínimo de 5 peneiras, incluindo peneira lisa. Com logomarca da CODEVASF silkada em local vísivel, conforme modelo no edital. Manual em Português. Assistência Técnica Autorizada no Estado de Sergipe.","und.","Principal",750,1300,975000]
[{"$f":"A5+1","v":3},2402,"Trator agrícola de pneus - novo, zero km, com potência mínima de 100 CV, ano de fabricação mínimo 2019, tração 4x4, motor 4 cilindros, transmissão mínima 8 x 4, sistema hidráulico do 3º ponto, com tomada de força, estrutura de proteção ROPS, reserva de torque com mínimo de 30%, cabinado com ar condicionado, sistema completo de som. Com logomarca da CODEVASF silkada em local vísivel, conforme modelo no edital. Manual em Português. Assistência Técnica Autorizada no Estado de Sergipe. COTA DE 25% - Exclusivo para ME e EPP.","und.","Exclusivo para ME e EPP",10,138977.32999999999,1389773.2999999998]
[4,2402,"Trator agrícola de pneus - novo, zero km, com potência mínima de 100 CV, ano de fabricação mínimo 2019, tração 4x4, motor 4 cilindros, transmissão mínima 8 x 4, sistema hidráulico do 3º ponto, com tomada de força, estrutura de proteção ROPS, reserva de torque com mínimo de 30%, cabinado com ar condicionado, sistema completo de som. Com logomarca da CODEVASF silkada em local vísivel, conforme modelo no edital. Manual em Português. Assistência Técnica Autorizada no Estado de Sergipe. ","und.","Principal",30,138977.32999999999,4169319.8999999994]
[5,62995,"Grade Aradora, de controle remoto,14 discos, intermediária. Com logomarca da CODEVASF silkada em local vísivel, conforme modelo no edital. Manual em Português. Assistência Técnica Autorizada no Estado de Sergipe. COTA DE 25% - Exclusivo para ME e EPP.","und.","Exclusivo para ME e EPP",25,23000,575000]
[6,62995,"Grade Aradora, de controle remoto,14 discos, intermediária. Com logomarca da CODEVASF silkada em local vísivel, conforme modelo no edital. Manual em Português. Assistência Técnica Autorizada no Estado de Sergipe. ","und.","Principal",75,23000,1725000]
[7,50571,"Grade Niveladora, de controle remoto, 32 discos. Com logomarca da CODEVASF silkada em local vísivel, conforme modelo no edital. Manual em Português. Assistência Técnica Autorizada no Estado de Sergipe.  COTA DE 25% - Exclusivo para ME e EPP.","und.","Exclusivo para ME e EPP",25,30105,752625]
[8,50571,"Grade Niveladora, de controle remoto, 32 discos. Com logomarca da CODEVASF silkada em local vísivel, conforme modelo no edital. Manual em Português. Assistência Técnica Autorizada no Estado de Sergipe. ","und.","Principal",75,30105,2257875]
[9,150714,"Carreta agrícola basculante hidráulica, fabricada em aço, 1 cilindro hidráulico, com capacidade de carga de 6 toneladas, rodado 2 eixos, 04 rodas aro 16, com pneus, tampas laterais dobráveis ou de encaixe. Com logomarca da CODEVASF silkada em local vísivel, conforme modelo no edital. Manual em Português. Assistência Técnica Autorizada no Estado de Sergipe. COTA DE 25% - Exclusivo para ME e EPP.","und.","Exclusivo para ME e EPP",25,19131.93,478298.25]
[10,150714,"Carreta agrícola basculante hidráulica, fabricada em aço, 1 cilindro hidráulico, com capacidade de carga de 6 toneladas, rodado 2 eixos, 04 rodas aro 16, com pneus, tampas laterais dobráveis ou de encaixe. Com logomarca da CODEVASF silkada em local vísivel, conforme modelo no edital. Manual em Português. Assistência Técnica Autorizada no Estado de Sergipe.","und.","Principal",75,19131.93,1434894.75]
[11,150714,"Carreta agrícola, fabricada em aço, com capacidade de carga de 6 toneladas, rodado 2 eixos, 04 rodas aro 16, com pneus, tampas laterais dobráveis ou de encaixe. Com logomarca da CODEVASF silkada em local vísivel. Assistência Técnica Autorizada no Estado de Sergipe. COTA DE 25% - Exclusivo para ME e EPP.","und.","Exclusivo para ME e EPP",25,15032.17,375804.25]
[12,150714,"Carreta agrícola, fabricada em aço, com capacidade de carga de 6 toneladas, rodado 2 eixos, 04 rodas aro 16, com pneus, tampas laterais dobráveis ou de encaixe. Com logomarca da CODEVASF silkada em local vísivel. Assistência Técnica Autorizada no Estado de Sergipe. ","und.","Principal",75,15032.17,1127412.75]
[13,62995,"Arado subsolador, de controle remoto; com 5 hastes; com roda para controle de profundidade; rolo destorroador e com discos independente reguláveis na frente. Com logomarca da CODEVASF silkada em local vísivel, conforme modelo no edital. Manual em Português. Assistência Técnica Autorizada no Estado de Sergipe. COTA DE 25% - Exclusivo para ME e EPP.","und.","Exclusivo para ME e EPP",25,18500,462500]
[14,62995,"Arado subsolador, de controle remoto; com 5 hastes; com roda para controle de profundidade; rolo destorroador e com discos independente reguláveis na frente. Com logomarca da CODEVASF silkada em local vísivel, conforme modelo no edital. Manual em Português. Assistência Técnica Autorizada no Estado de Sergipe. ","und.","Principal",75,18500,1387500]
[15,107123,"Plantadeira e adubadeira mecanizada -  Plantio convencional, hidráulica, nova – 4 linhas de cereais, espaçamento entre linhas de 0,40 a 0,70m; reservatório para semente e adubo, chassi mínimo 1,80 m, marcador de linha e roda compactadora. Logomarca da CODEVASF silkada em local visível. Manual em Português. Assistência Técnica Autorizada no Estado de Sergipe. COTA DE 25% - Exclusivo para ME e EPP.","und.","Exclusivo para ME e EPP",25,22540,563500]
[16,107123,"Plantadeira e adubadeira mecanizada -  Plantio convencional, hidráulica, nova – 4 linhas de cereais, espaçamento entre linhas de 0,40 a 0,70m; reservatório para semente e adubo, chassi mínimo 1,80 m, marcador de linha e roda compactadora. Logomarca da CODEVASF silkada em local visível. Manual em Português. Assistência Técnica Autorizada no Estado de Sergipe. ","und.","Principal",75,22540,1690500]
[17,151031,"Roçadeira Manual - acompanhada com faca de 02 (duas) ou 03 (três) pontas para capoeira, cabeçote de nylon, corte, indicada para os serviços pesados, sendo ideal para o corte de grama, capim, pasto, arbusto e pequenas árvores, com as seguintes características: rolo de nylon com no mínimo 200m - alça com 05(cinco) pontas - cinturão duplo ergonômico, fácil ajuste e com três pontos de apoio - sistema antivibratório - sistema de ignição eletrônica -  potência mínima de 1,2 hp - rotação de máxima de 12.500 rpm. - Cilindrada de 33 cm³ ou superior - capacidade mínima do tanque de combustível de 0,58 litros - peso de 7,0 kg ou superior.   Com logomarca da CODEVASF silkada em local vísivel, conforme modelo no edital. Manual em Português. Assistência Técnica Autorizada no Estado de Sergipe. COTA DE 25% - Exclusivo para ME e EPP.","und.","Exclusivo para ME e EPP",25,2045.31,51132.75]
[18,151031,"Roçadeira Manual - acompanhada com faca de 02 (duas) ou 03 (três) pontas para capoeira, cabeçote de nylon, corte, indicada para os serviços pesados, sendo ideal para o corte de grama, capim, pasto, arbusto e pequenas árvores, com as seguintes características: rolo de nylon com no mínimo 200m - alça com 05 (cinco) pontas - cinturão duplo ergonômico, fácil ajuste e com três pontos de apoio - sistema antivibratório - sistema de ignição eletrônica -  potência mínima de 1,2 hp - rotação de máxima de 12.500 rpm. - Cilindrada de 33 cm³ ou superior - capacidade mínima do tanque de combustível de 0,58 litros - peso de 7,0 kg ou superior.  Com logomarca da CODEVASF silkada em local vísivel, conforme modelo no edital..  Manual em Português. Assistência Técnica Autorizada no Estado de Sergipe. ","und.","Principal",75,2045.31,153398.25]
[19,150155,"Colhedora/Ensiladeira de Forragem - Produção até 30 ton/h. Tamanhos de picado 3 a 20 mm. Número de facas 12. Acionamento pela tomada de força do trator. Quantidade de rolos recolhedores 4. Potência na TDP 50 a 80 cv. RPM na TDP 540. Transmissão caixa e cardam. Logomarca da CODEVASF silkada em local visível.  Manual em Português. Assistência Técnica Autorizada no Estado de Sergipe. COTA DE 25% - Exclusivo para ME e EPP.","und.","Exclusivo para ME e EPP",25,25000,{"$f":"F22*G22","v":625000}]
[20,150155,"Colhedora/Ensiladeira de Forragem - Produção até 30 ton/h. Tamanhos de picado 3 a 20 mm. Número de facas 12. Acionamento pela tomada de força do trator. Quantidade de rolos recolhedores 4. Potência na TDP 50 a 80 cv. RPM na TDP 540. Transmissão caixa e cardam. Logomarca da CODEVASF silkada em local visível.  Manual em Português. Assistência Técnica Autorizada no Estado de Sergipe. ","und.","Principal",75,25000,{"$f":"F23*G23","v":1875000}]
["TOTAL",{"$nulls":6},{"$f":"SUM(H4:H23)","v":22394534.199999999}]